[Event "Kupreichik Memorial Open 2018"]
[Site "Minsk"]
[Date "2018.06.22"]
[Round "7"]
[White "Tarasenka, Aliaksandra"]
[Black "Uzlavataya, Anhelina"]
[Result "0-1"]
[WhiteElo "1682"]
[BlackElo "1925"]
[Annotator "NA"]
[PlyCount "70"]
[EventDate "2018.06.21"]
[EventCountry "BLR"]
[SourceTitle "playchess.com"]
[Source "ChessBase"]
[SourceQuality "1"]
[TimeControl "900+10"]

1. c4 {[%emt 0:00:00]} Nf6 {[%emt 0:00:18]} 2. Nc3 {[%emt 0:00:00]} d5 {[%emt 0:00:10]} 3. cxd5 {[%emt 0:00:18]} Nxd5 {[%emt 0:00:01]} 4. d4 {[%emt 0:00:27]} g6 {[%emt 0:00:17]} 5. e4 {[%emt 0:00:30]} Nxc3 {[%emt 0:00:02]} 6. bxc3 {[%emt 0:00:02]} Bg7 {[%emt 0:00:02]} 7. Bc4 {[%emt 0:00:29]} O-O {[%emt 0:00:12]} 8. h3 {[%emt 0:00:34]} c5 {[%emt 0:00:06]} 9. Nf3 {[%emt 0:00:36]} Nc6 {[%emt 0:01:03]} 10. Be3 {[%emt 0:00:44]} cxd4 {[%emt 0:00:30]} 11. cxd4 {[%emt 0:00:20]} Qa5+ {[%emt 0:00:11]} 12. Qd2 {[%emt 0:00:47]} Qxd2+ {[%emt 0:00:21]} 13. Kxd2 {[%emt 0:00:03]} Rd8 {[%emt 0:00:06]} 14. Kc3 {[%emt 0:00:29]} Na5 {[%emt 0:00:36]} 15. Bb3 {[%emt 0:01:55]} Nxb3 {[%emt 0:00:35]} 16. axb3 {[%emt 0:00:10]} Bd7 {[%emt 0:00:31]} 17. b4 {[%emt 0:06:38]} Rac8+ {[%emt 0:00:42]} 18. Kd2 {[%emt 0:00:23]} a6 {[%emt 0:00:06]} 19. Rac1 {[%emt 0:00:43]} Bc6 {[%emt 0:00:09]} 20. Kd3 {[%emt 0:00:22]} e5 {[%emt 0:00:51]} 21. d5 {[%emt 0:01:55]} f5 {[%emt 0:00:04]} 22. Rxc6 {[%emt 0:00:56]} bxc6 {[%emt 0:00:15]} 23. exf5 {[%emt 0:00:14]} gxf5 {[%emt 0:01:14]} 24. Ng5 {[%emt 0:00:13]} cxd5 {[%emt 0:00:58]} 25. Ne6 {[%emt 0:00:01]} Rd6 {[%emt 0:00:37]} 26. Nc5 {[%emt 0:00:08]} d4 {[%emt 0:00:30]} 27. Bg5 {[%emt 0:00:21]} e4+ {[%emt 0:00:03]} 28. Kd2 {[%emt 0:00:09]} Rb6 {[%emt 0:01:01]} 29. Rc1 {[%emt 0:00:11]} Rxb4 {[%emt 0:00:45]} 30. Nxa6 {[%emt 0:00:03]} Rb2+ {[%emt 0:00:16]} 31. Kd1 {[%emt 0:00:03]} Rxc1+ {[%emt 0:00:08]} 32. Bxc1 {[%emt 0:00:09]} Rxf2 {[%emt 0:00:11]} 33. g3 {[%emt 0:00:09]} d3 {[%emt 0:00:07]} 34. Nc5 {[%emt 0:00:10]} Rf1+ {[%emt 0:00:06]} 35. Kd2 {[%emt 0:00:02]} Bh6+ {[%emt 0:00:02]} 0-1

[Event "Kupreichik Memorial Open 2018"]
[Site "Minsk"]
[Date "2018.06.22"]
[Round "7"]
[White "Kozlov, Valentin"]
[Black "Polovkov, Valery"]
[Result "1-0"]
[WhiteElo "1553"]
[BlackElo "1830"]
[Annotator "NA"]
[PlyCount "87"]
[EventDate "2018.06.21"]
[EventCountry "BLR"]
[SourceTitle "playchess.com"]
[Source "ChessBase"]
[SourceQuality "1"]
[TimeControl "900+10"]

1. e4 {[%emt 0:00:00]} c5 {[%emt 0:00:06]} 2. Nf3 {[%emt 0:00:00]} d6 {[%emt 0:00:02]} 3. d4 {[%emt 0:00:00]} cxd4 {[%emt 0:00:03]} 4. Nxd4 {[%emt 0:00:00]} Nf6 {[%emt 0:00:02]} 5. Nc3 {[%emt 0:00:00]} a6 {[%emt 0:00:02]} 6. Bg5 {[%emt 0:00:00]} e6 {[%emt 0:00:01]} 7. f4 {[%emt 0:00:02]} Be7 {[%emt 0:00:10]} 8. Qf3 {[%emt 0:00:02]} Qc7 {[%emt 0:00:04]} 9. O-O-O {[%emt 0:00:08]} Nbd7 {[%emt 0:00:23]} 10. g4 {[%emt 0:00:26]} b5 {[%emt 0:00:18]} 11. Bxf6 {[%emt 0:00:07]} Nxf6 {[%emt 0:00:03]} 12. g5 {[%emt 0:00:02]} Nd7 {[%emt 0:00:01]} 13. f5 {[%emt 0:00:13]} Bxg5+ {[%emt 0:00:57]} 14. Kb1 {[%emt 0:00:02]} O-O {[%emt 0:06:50]} 15. Qg3 {[%emt 0:02:11]} Bf6 {[%emt 0:01:35]} 16. fxe6 {[%emt 0:01:03]} Nb6 {[%emt 0:00:46]} 17. Nd5 {[%emt 0:01:51]} Nxd5 {[%emt 0:00:09]} 18. exd5 {[%emt 0:00:13]} fxe6 {[%emt 0:01:06]} 19. Nxe6 {[%emt 0:00:36]} Bxe6 {[%emt 0:00:08]} 20. dxe6 {[%emt 0:00:02]} Be5 {[%emt 0:00:06]} 21. Qh3 {[%emt 0:00:55]} Rac8 {[%emt 0:00:22]} 22. Bd3 {[%emt 0:00:07]} g6 {[%emt 0:00:13]} 23. Rhf1 {[%emt 0:01:28]} Kg7 {[%emt 0:00:58]} 24. Rf7+ {[%emt 0:01:00]} Rxf7 {[%emt 0:00:14]} 25. exf7 {[%emt 0:00:02]} Rf8 {[%emt 0:00:15]} 26. Qg4 {[%emt 0:02:29]} Rxf7 {[%emt 0:00:16]} 27. h4 {[%emt 0:00:02]} Qd7 {[%emt 0:00:40]} 28. Qe4 {[%emt 0:00:54]} Qf5 {[%emt 0:00:57]} 29. Qc6 {[%emt 0:01:25]} Qf3 {[%emt 0:00:18]} 30. Qxf3 {[%emt 0:00:47]} Rxf3 {[%emt 0:00:01]} 31. Rh1 {[%emt 0:00:38]} h6 {[%emt 0:00:28]} 32. a4 {[%emt 0:00:06]} bxa4 {[%emt 0:00:05]} 33. Bxa6 {[%emt 0:00:01]} a3 {[%emt 0:00:06]} 34. b3 {[%emt 0:00:29]} Rf2 {[%emt 0:00:31]} 35. Bd3 {[%emt 0:00:30]} Rg2 {[%emt 0:00:19]} 36. Ka2 {[%emt 0:00:25]} Bb2 {[%emt 0:00:01]} 37. b4 {[%emt 0:00:07]} Rg4 {[%emt 0:00:12]} 38. b5 {[%emt 0:00:29]} g5 {[%emt 0:00:15]} 39. hxg5 {[%emt 0:00:10]} hxg5 {[%emt 0:00:01]} 40. b6 {[%emt 0:00:22]} Rb4 {[%emt 0:00:03]} 41. b7 {[%emt 0:00:33]} Kg8 {[%emt 0:00:07]} 42. Rh7 {[%emt 0:00:11]} Bc1 {[%emt 0:00:06]} 43. Rc7 {[%emt 0:00:20]} Rb2+ {[%emt 0:01:50]} 44. Ka1 {[%emt 0:00:01]} 1-0

[Event "Kupreichik Memorial Open 2018"]
[Site "Minsk"]
[Date "2018.06.22"]
[Round "7"]
[White "Tkachou, Pavel"]
[Black "Tyurin, Artem"]
[Result "0-1"]
[WhiteElo "1535"]
[BlackElo "1855"]
[Annotator "NA"]
[PlyCount "48"]
[EventDate "2018.06.21"]
[EventCountry "BLR"]
[SourceTitle "playchess.com"]
[Source "ChessBase"]
[SourceQuality "1"]
[TimeControl "900+10"]

1. d4 {[%emt 0:00:00]} Nf6 {[%emt 0:00:01]} 2. Nf3 {[%emt 0:00:00]} g6 {[%emt 0:00:01]} 3. g3 {[%emt 0:00:00]} Bg7 {[%emt 0:00:01]} 4. Bg2 {[%emt 0:00:00]} O-O {[%emt 0:00:03]} 5. O-O {[%emt 0:00:00]} d5 {[%emt 0:00:01]} 6. c4 {[%emt 0:00:00]} dxc4 {[%emt 0:00:08]} 7. Ne5 {[%emt 0:00:12]} Nc6 {[%emt 0:00:31]} 8. Nxc6 {[%emt 0:00:25]} bxc6 {[%emt 0:00:02]} 9. Bxc6 {[%emt 0:00:02]} Bh3 {[%emt 0:00:01]} 10. Re1 {[%emt 0:00:38]} Rb8 {[%emt 0:00:54]} 11. e3 {[%emt 0:02:18]} Nd5 {[%emt 0:00:11]} 12. Nc3 {[%emt 0:01:20]} Nb4 {[%emt 0:00:01]} 13. Be4 {[%emt 0:00:33]} e5 {[%emt 0:00:22]} 14. a3 {[%emt 0:02:32]} exd4 {[%emt 0:00:23]} 15. exd4 {[%emt 0:00:19]} Nd3 {[%emt 0:00:11]} 16. Bxd3 {[%emt 0:00:45]} cxd3 {[%emt 0:00:04]} 17. Qxd3 {[%emt 0:00:04]} Bxd4 {[%emt 0:00:02]} 18. Rd1 {[%emt 0:01:16]} Re8 {[%emt 0:01:00]} 19. Bf4 {[%emt 0:00:34]} Bxf2+ {[%emt 0:00:59]} 20. Kxf2 {[%emt 0:03:33]} Rxb2+ {[%emt 0:00:06]} 21. Kg1 {[%emt 0:00:27]} Re1+ {[%emt 0:00:09]} 22. Rxe1 {[%emt 0:00:27]} Qxd3 {[%emt 0:00:02]} 23. Bh6 {[%emt 0:00:10]} Qd4+ {[%emt 0:00:18]} 24. Kh1 {[%emt 0:00:03]} Bg2# {[%emt 0:00:02]} 0-1

[Event "Kupreichik Memorial Open 2018"]
[Site "Minsk"]
[Date "2018.06.22"]
[Round "7"]
[White "Boiko, Aleksei"]
[Black "Kruglikova, Viktorija"]
[Result "0-1"]
[WhiteElo "1526"]
[BlackElo "1839"]
[Annotator "NA"]
[PlyCount "74"]
[EventDate "2018.06.21"]
[EventCountry "BLR"]
[SourceTitle "playchess.com"]
[Source "ChessBase"]
[SourceQuality "1"]
[TimeControl "900+10"]

1. d4 {[%emt 0:00:00]} Nf6 {[%emt 0:00:01]} 2. Nf3 {[%emt 0:00:00]} e6 {[%emt 0:00:01]} 3. Bf4 {[%emt 0:00:00]} Be7 {[%emt 0:00:01]} 4. e3 {[%emt 0:00:00]} b6 {[%emt 0:00:01]} 5. Bd3 {[%emt 0:00:00]} Bb7 {[%emt 0:00:01]} 6. O-O {[%emt 0:00:00]} d6 {[%emt 0:00:03]} 7. c4 {[%emt 0:00:02]} Nh5 {[%emt 0:00:02]} 8. Bg3 {[%emt 0:00:03]} Nxg3 {[%emt 0:00:01]} 9. hxg3 {[%emt 0:00:01]} h5 {[%emt 0:00:08]} 10. Nc3 {[%emt 0:00:03]} h4 {[%emt 0:00:01]} 11. gxh4 {[%emt 0:00:30]} Bxh4 {[%emt 0:00:03]} 12. Be4 {[%emt 0:00:03]} d5 {[%emt 0:00:38]} 13. cxd5 {[%emt 0:00:02]} exd5 {[%emt 0:00:01]} 14. Bf5 {[%emt 0:00:02]} Qf6 {[%emt 0:00:25]} 15. e4 {[%emt 0:00:30]} g6 {[%emt 0:01:38]} 16. Bh3 {[%emt 0:00:56]} dxe4 {[%emt 0:00:12]} 17. Re1 {[%emt 0:00:29]} Qf4 {[%emt 0:00:58]} 18. d5 {[%emt 0:01:02]} f5 {[%emt 0:00:25]} 19. Qa4+ {[%emt 0:00:02]} Kf7 {[%emt 0:00:13]} 20. Nxe4 {[%emt 0:03:09]} Bxd5 {[%emt 0:02:50]} 21. Qd4 {[%emt 0:00:02]} Rd8 {[%emt 0:00:40]} 22. Nd6+ {[%emt 0:00:29]} Qxd6 {[%emt 0:00:07]} 23. Qxh4 {[%emt 0:00:15]} Nc6 {[%emt 0:00:28]} 24. Ng5+ {[%emt 0:00:02]} Kg7 {[%emt 0:00:07]} 25. Bxf5 {[%emt 0:06:03]} Rh8 {[%emt 0:01:03]} 26. Qg4 {[%emt 0:00:01]} Qh2+ {[%emt 0:01:07]} 27. Kf1 {[%emt 0:00:01]} Rh4 {[%emt 0:01:20]} 28. Nf3 {[%emt 0:01:56]} Bxf3 {[%emt 0:00:51]} 29. Qxf3 {[%emt 0:00:04]} Qh1+ {[%emt 0:00:01]} 30. Ke2 {[%emt 0:00:06]} Nd4+ {[%emt 0:00:02]} 31. Kd2 {[%emt 0:00:03]} Nxf3+ {[%emt 0:00:01]} 32. gxf3 {[%emt 0:00:03]} Rd8+ {[%emt 0:00:03]} 33. Bd3 {[%emt 0:00:05]} Qxf3 {[%emt 0:00:08]} 34. Re7+ {[%emt 0:00:21]} Kf6 {[%emt 0:00:05]} 35. Re3 {[%emt 0:00:03]} Qxf2+ {[%emt 0:00:02]} 36. Re2 {[%emt 0:00:02]} Rxd3+ {[%emt 0:00:25]} 37. Kxd3 {[%emt 0:00:04]} Rd4+ {[%emt 0:00:02]} 0-1

[Event "Kupreichik Memorial Open 2018"]
[Site "Minsk"]
[Date "2018.06.22"]
[Round "7"]
[White "Yagutian, Mariya"]
[Black "Vashchilov, Sergey"]
[Result "0-1"]
[WhiteElo "1506"]
[BlackElo "2122"]
[Annotator "NA"]
[PlyCount "50"]
[EventDate "2018.06.21"]
[EventCountry "BLR"]
[SourceTitle "playchess.com"]
[Source "ChessBase"]
[SourceQuality "1"]
[TimeControl "900+10"]

1. d4 {[%emt 0:00:00]} e6 {[%emt 0:00:01]} 2. c4 {[%emt 0:00:00]} d5 {[%emt 0:00:02]} 3. Nf3 {[%emt 0:00:02]} Nf6 {[%emt 0:00:02]} 4. g3 {[%emt 0:00:06]} Bb4+ {[%emt 0:00:06]} 5. Bd2 {[%emt 0:00:12]} Be7 {[%emt 0:00:02]} 6. Bg2 {[%emt 0:00:12]} O-O {[%emt 0:00:02]} 7. O-O {[%emt 0:00:13]} dxc4 {[%emt 0:00:03]} 8. Qc2 {[%emt 0:00:16]} a6 {[%emt 0:00:03]} 9. Qxc4 {[%emt 0:00:57]} b5 {[%emt 0:00:01]} 10. Qc2 {[%emt 0:00:08]} Bb7 {[%emt 0:00:02]} 11. Bf4 {[%emt 0:00:37]} Nc6 {[%emt 0:00:54]} 12. Rd1 {[%emt 0:02:16]} Nb4 {[%emt 0:00:16]} 13. Qc1 {[%emt 0:01:39]} Rc8 {[%emt 0:00:38]} 14. a3 {[%emt 0:00:44]} Nbd5 {[%emt 0:00:04]} 15. Bg5 {[%emt 0:02:32]} c5 {[%emt 0:00:30]} 16. Bxf6 {[%emt 0:03:04]} cxd4 {[%emt 0:00:58]} 17. Qd2 {[%emt 0:00:05]} Bxf6 {[%emt 0:00:23]} 18. Nxd4 {[%emt 0:00:19]} Qc7 {[%emt 0:00:42]} 19. e4 {[%emt 0:01:30]} Nb6 {[%emt 0:00:05]} 20. Qe3 {[%emt 0:00:09]} Nc4 {[%emt 0:00:18]} 21. Qe2 {[%emt 0:00:03]} Rfd8 {[%emt 0:00:08]} 22. e5 {[%emt 0:01:04]} Bxe5 {[%emt 0:00:28]} 23. Bxb7 {[%emt 0:02:20]} Qxb7 {[%emt 0:00:06]} 24. Qg4 {[%emt 0:00:03]} Nxb2 {[%emt 0:00:47]} 25. Nc2 {[%emt 0:00:28]} Rxd1+ 0-1

[Event "Kupreichik Memorial Open 2018"]
[Site "Minsk"]
[Date "2018.06.22"]
[Round "8"]
[White "Mamedov, Rauf"]
[Black "Andreikin, Dmitry"]
[Result "1/2-1/2"]
[WhiteElo "2711"]
[BlackElo "2733"]
[Annotator "TA"]
[PlyCount "33"]
[EventDate "2018.06.21"]
[EventCountry "BLR"]
[SourceTitle "playchess.com"]
[Source "ChessBase"]
[SourceQuality "1"]

{[%evp 23,24,0,0]} 1. e4 c5 2. Nf3 e6 3. d4 cxd4 4. Nxd4 a6 5. Nc3 Nc6 6. g3 Qc7 7. Bg2 Nf6 8. O-O Be7 9. Re1 O-O 10. Nxc6 dxc6 11. e5 Rd8 12. Qe2 Nd5 {LiveBook: 21 Games} {Predecessor:} 13. Bd2 $146 Nxc3 14. Bxc3 b5 15. Red1 Bb7 16. Qe1 a5 17. a3 {½-½ (17) Varga,Z (2494)-Matsenko,S (2447) Budapest 2008} 1/2-1/2

[Event "Kupreichik Memorial Open 2018"]
[Site "Minsk"]
[Date "2018.06.22"]
[Round "8"]
[White "Kovalev, Vladislav"]
[Black "Korobov, Anton"]
[Result "1/2-1/2"]
[WhiteElo "2631"]
[BlackElo "2736"]
[Annotator "TA"]
[PlyCount "46"]
[EventDate "2018.06.21"]
[EventCountry "BLR"]
[SourceTitle "playchess.com"]
[Source "ChessBase"]
[SourceQuality "1"]

{[%evp 23,24,0,0]} 1. d4 d5 2. c4 c6 3. cxd5 cxd5 4. Nc3 Nf6 5. Nf3 Nc6 6. Bf4 Bf5 7. e3 e6 8. Bd3 Bxd3 9. Qxd3 Bd6 10. Bxd6 Qxd6 11. O-O O-O 12. Rac1 Rac8 {Predecessor:} 13. h3 $146 h6 14. Rfd1 Rfd8 15. Qe2 Qe7 16. Ne1 Ne8 17. Nd3 Nd6 18. b3 b6 19. Qb2 Nf5 20. Ne2 Nd6 21. Nc3 Nf5 22. Ne2 Nd6 23. Nc3 Nf5 {½-½ (23) Solak,D (2624)-Mamedov,R (2680) Kocaeli 2017} 1/2-1/2

[Event "Kupreichik Memorial Open 2018"]
[Site "Minsk"]
[Date "2018.06.22"]
[Round "8"]
[White "Meshkovs, Nikita"]
[Black "Nigmatov, Ortik"]
[Result "1-0"]
[WhiteElo "2572"]
[BlackElo "2210"]
[Annotator "TA"]
[PlyCount "79"]
[EventDate "2018.06.21"]
[EventCountry "BLR"]
[SourceTitle "playchess.com"]
[Source "ChessBase"]
[SourceQuality "1"]

{[%evp 13,79,48,59,36,44,57,75,0,0,0,0,0,0,0,0,-11,26,-14,-21,-61,-54,-42,-8,-58,-52,-81,-77,-77,-85,-75,-68,-80,-82,-83,-81,-142,-127,-122,-101,-97,-53,-77,-57,-88,-81,-89,-83,-129,-86,-80,-80,-115,-126,-115,-126,-122,-113,-148,-116,-364,-156,-140,-145,-140,582,469,29990,29991]} 1. d4 Nf6 2. c4 g6 3. Nc3 Bg7 4. e4 d6 5. Nf3 O-O 6. h3 Qe8 {E90: King's Indian: Classical: Early deviations and 6 h3} (6... e5 7. d5 a5 8. Bg5 Na6 9. Be2 Qe8 10. g4 Nd7 11. a3 Nb6 12. b3 Bd7 13. Rg1 Kh8 14. Rb1 Nc5 15. Be3 f5 16. gxf5 gxf5 17. Qd2 Qe7 18. Bxc5 dxc5 {0-1 (81) Krasenkow,M (2671)-Amin,B (2693) Wijk aan Zee 2018}) 7. Be3 Na6 {LiveBook: 45 Games} 8. c5 dxc5 {White is slightly better.} 9. dxc5 e5 10. Qb3 $146 (10. Bxa6 $16 {Be2 is the strong threat.} bxa6 11. Qc2) ({Predecessor:} 10. Bxa6 bxa6 11. O-O Rb8 12. Qc2 Nh5 13. Rad1 f5 14. Bc1 h6 15. Nd2 Nf4 16. exf5 gxf5 {0-1 (37) Crouch,C (2425)-Polgar,J (2575) Hastings 1992}) 10... b6 $11 11. Qa3 Nxc5 12. Bxc5 bxc5 13. Qxc5 Bb7 14. Bd3 Qd8 15. O-O-O ({Much weaker is} 15. Nxe5 Nh5 $17) 15... Qd6 $36 {[%mdl 2048] Black fights for an advantage.} 16. Qxd6 cxd6 17. Rhe1 d5 {Threatening ...Rac8.} 18. exd5 Nxd5 19. Be4 Nxc3 20. bxc3 Bxe4 21. Rxe4 Rfc8 22. Kc2 Rc5 23. Nd2 Rac8 $1 24. Re3 (24. Nb1 $142) 24... f5 $1 $17 25. Nb3 R5c7 26. f3 Kf7 27. Rdd3 Kf6 28. g3 h5 29. Rd6+ Kf7 {Strongly threatening ...Bh6.} 30. Ra6 e4 31. fxe4 fxe4 {[%cal Rc7c3]} 32. Rxe4 Rxc3+ 33. Kd1 Rxg3 34. Rxa7+ Kg8 35. h4 Rg2 36. Re2 $2 (36. Rd7 $17) 36... Rd8+ (36... Rg1+ $19 {and Black stays clearly on top.} 37. Kd2 Bh6+ 38. Kd3 Rg3+ 39. Kd4 Be3+ $1 {[%mdl 512]} 40. Rxe3 Rd8+ 41. Ke5 (41. Ke4 $2 Re8+ 42. Kd5 Rexe3 $19) 41... Re8+ 42. Kd4 Rgxe3) 37. Ke1 Rg1+ 38. Kf2 {[#]} Bd4+ $2 {[%mdl 8192]} (38... Rg4 $1 $17 {Threatens to win with ...Bf6.} 39. Re6 Rf8+ 40. Ke2 Rf7) 39. Nxd4 $18 {Threatening mate with Ree7.} Rh1 (39... Rd1 $18 40. Nc6 Rf8+ 41. Kg2 Rf7 42. Ra8+ Kh7) 40. Ree7 {Precision: White = 45%, Black = 52%.} 1-0

[Event "Kupreichik Memorial Open 2018"]
[Site "Minsk"]
[Date "2018.06.22"]
[Round "8"]
[White "Arzumanian, Georgy"]
[Black "Runets, Ivan"]
[Result "1/2-1/2"]
[WhiteElo "2474"]
[BlackElo "2027"]
[Annotator "TA"]
[PlyCount "62"]
[EventDate "2018.06.21"]
[EventCountry "BLR"]
[SourceTitle "playchess.com"]
[Source "ChessBase"]
[SourceQuality "1"]

{[%evp 19,62,5,15,0,18,0,2,-16,-10,-35,-24,-49,-43,-47,-46,-60,0,-7,43,29,108,-12,130,135,131,97,97,104,127,-36,-35,-42,-31,-52,0,0,0,0,0,-70,74,0,97,118,137]} 1. d4 Nf6 2. Bf4 d5 3. e3 e6 4. Nf3 Be7 5. Nbd2 O-O 6. Bd3 c5 7. c3 Nbd7 8. h3 b6 9. O-O Bb7 10. Qb1 h6 {LiveBook: 7 Partien. D02: Damenbauernspiele} (10... c4 11. Bc2 b5 12. b3 Ba6 13. b4 Bb7 14. a4 a5 15. bxa5 Qxa5 16. Qxb5 Qxc3 17. Bxh7+ Kxh7 18. Qxb7 {1-0 (72) Dubov,D (2648)-Artemiev,V (2663) Sochi 2016}) 11. Bh2 c4 12. Bc2 b5 {[%cal Bb6b5,Bb5b4][%mdl 32] Die Stellung ist ausgeglichen.} 13. a3 $146 ({Vorgänger:} 13. e4 dxe4 14. Nxe4 Nxe4 15. Bxe4 Bxe4 16. Qxe4 Nf6 17. Qe2 Qd5 18. Rfe1 {1-0 (31) Jakab,K (1944)-Adascalitei,A (1348) Mamaia 2017}) 13... a5 14. Ne5 Nxe5 15. dxe5 Nd7 16. Nf3 b4 17. Nd4 Rb8 (17... b3 $15 18. Bd1 Nc5) 18. Qd1 Qb6 19. f4 Nc5 (19... b3 $11 20. Bb1 g6) 20. Qe2 (20. f5 $16 Bg5 21. Bf4 Bxf4 22. exf4) 20... Ne4 (20... b3 $11 {bleibt in der Remisbreite.} 21. Bd1 g6) 21. Bxe4 dxe4 22. axb4 axb4 {[#]} 23. f5 $1 {[%cal Rf5f6]} exf5 24. Qxc4 $2 (24. Nxf5 $16 Rbe8 25. Qxc4) 24... Rbc8 $36 {[%mdl 2048] Schwarz hat Druck.} 25. Qb3 g6 26. e6 Ba6 (26... fxe6 $15 27. Nxe6 Rf7 28. cxb4 Bxb4) 27. exf7+ $11 Rxf7 {[#] Und ...Lc4 würde nun gewinnen.} 28. Rfc1 Bc4 29. Qa4 (29. Qd1 $1 $11) 29... Bc5 (29... Bg5 $15 {behält die Oberhand.} 30. Bf4 bxc3 31. bxc3 Bxf4 32. exf4 Qd6) 30. Qd1 (30. Be5 $16) 30... Bxd4 (30... b3 $11) 31. cxd4 $16 Be6 {Precision: Weiß = 38%, Schwarz = 21%.} 1/2-1/2

[Event "Kupreichik Memorial Open 2018"]
[Site "Minsk"]
[Date "2018.06.22"]
[Round "8"]
[White "Notkin, Maksim"]
[Black "Kuznetsov, Mikhail V"]
[Result "1-0"]
[WhiteElo "2455"]
[BlackElo "2162"]
[Annotator "TA"]
[PlyCount "81"]
[EventDate "2018.06.21"]
[EventCountry "BLR"]
[SourceTitle "playchess.com"]
[Source "ChessBase"]
[SourceQuality "1"]

{[%evp 17,81,33,35,21,31,38,83,0,0,0,0,-10,16,0,0,0,18,16,35,-10,7,8,49,41,129,138,145,44,127,122,132,132,136,134,120,16,18,17,194,203,177,179,254,260,255,293,270,262,621,496,690,235,223,224,248,233,324,322,29989,2358,29991,29992,29992,29993,29998,29999]} 1. d4 Nf6 2. c4 e6 3. Nf3 Bb4+ 4. Bd2 Qe7 5. g3 O-O 6. Bg2 Bxd2+ 7. Qxd2 d6 8. Nc3 e5 9. O-O Re8 {LiveBook: 209 Games} 10. h3 {E11: Bogo-Indian} e4 11. Ng5 $146 ({Predecessor:} 11. Ne1 Nbd7 12. Nc2 Nf8 13. Ne3 c6 14. Rae1 Nh5 15. Nxe4 f5 16. Nc3 f4 17. Ng4 fxg3 18. fxg3 Nxg3 {0-1 (50) Melkumyan,H (2654)-Horvath,A (2528) Zalakaros 2015}) 11... Bf5 12. Qf4 ({White should play} 12. g4 $16 Bg6 13. f4 exf3 14. exf3 (14. Bxf3 Nc6 $15) (14. Nxf3 Ne4 $11)) 12... Bg6 $1 $11 {Hoping for ...h6.} 13. h4 Nc6 14. Rad1 e3 15. Qxe3 Qxe3 16. fxe3 Rxe3 17. Bf3 Rae8 18. g4 h6 19. Nh3 $1 Be4 20. Nxe4 Nxe4 ({Black should try} 20... R8xe4 $14 21. Bxe4 Rxe4) 21. Nf4 $16 Ng3 22. Rf2 (22. Rfe1 $16) 22... Nb4 (22... Kf8 $14) 23. a3 $1 {[%cal Ra3b4]} Nc2 24. Rd2 $1 {[%cal Rd2c2]} Na1 {[#]} 25. Rg2 $1 {[%cal Rg2g3]} Ne4 {[#]} 26. Rd1 (26. Rd3 $1 $16 {[%cal Rd3e3]} Nc2 27. Nd5 Rxf3 28. exf3) 26... Nc2 $11 {Threatens to win with ...Rb3.} 27. Nd5 Rb3 $2 (27... c6 $11 {and Black is okay.} 28. Nxe3 Nxe3) 28. Nxc7 $18 Re7 29. Nd5 $36 {[%mdl 2048] White is on the roll.} Re8 (29... Re6 $142 30. g5 hxg5) 30. g5 hxg5 31. hxg5 Rxb2 32. e3 Nxg5 $2 (32... Nxd4 33. exd4 (33. Rxb2 Nxf3+ 34. Kg2 Nh4+ 35. Kh3 Ng6 $11) 33... Rxg2+ 34. Bxg2 (34. Kxg2 Nxg5 35. Nc7 Rc8 $18) 34... Nxg5) 33. Rxg5 Nxe3 34. Nxe3 $2 (34. Re1) 34... Rxe3 35. Bd5 Kf8 36. a4 Ra3 37. Re1 Rxa4 $2 (37... Rh3 $18 38. Rg4 f6) 38. Rf5 (38. Rh5 $142 g6 39. Rh7 Rb1 40. Rxf7+ Kg8 41. Rxb1 Ra5 42. Rbxb7 Ra1+ 43. Rf1+ Kh8 44. Rxa1 a5 45. Rxa5 g5 46. Ra8#) 38... f6 39. Rh5 {[%cal Rh5h8] White mates.} g6 40. Rh7 Rab4 41. Rf7+ {Precision: White = 52%, Black = 21%.} 1-0

[Event "Kupreichik Memorial Open 2018"]
[Site "Minsk"]
[Date "2018.06.22"]
[Round "8"]
[White "Shevchenko, Kirill"]
[Black "Romanovskij, Nikita"]
[Result "1-0"]
[WhiteElo "2432"]
[BlackElo "1990"]
[Annotator "TA"]
[PlyCount "107"]
[EventDate "2018.06.21"]
[EventCountry "BLR"]
[SourceTitle "playchess.com"]
[Source "ChessBase"]
[SourceQuality "1"]

{[%evp 12,107,20,12,67,21,42,25,29,19,33,34,27,26,44,14,22,17,17,38,50,0,41,35,42,14,35,0,11,13,12,10,13,3,3,3,4,3,2,0,15,16,20,2,25,16,15,17,108,110,147,143,147,141,141,142,133,88,90,12,20,18,13,0,0,0,0,0,55,0,0,0,0,0,10,0,0,0,0,0,0,0,0,0,0,0,0,0,0,0,0,0,227,133,731,647,12837,12027]} 1. e4 e5 2. Nf3 Nf6 3. Nxe5 d6 4. Nf3 Nxe4 5. Nc3 Nxc3 6. dxc3 Be7 7. Be3 {LiveBook: 948 Games} Bg4 {C42: Petroff Defence: 3 Nxe5 and unusual White 3rd moves} ({Black should try} 7... O-O $11) (7... O-O 8. Qd2 b6 9. O-O-O Bb7 10. h4 Nd7 11. Bd3 Re8 12. Kb1 Bf6 13. Rh3 Nc5 14. Bxc5 bxc5 15. g4 c4 16. Bxc4 {½-½ (26) Caruana,F (2822)-Mamedyarov,S (2808) Stavanger 2018}) 8. h3 Bf5 $146 ({Predecessor:} 8... Bh5 9. Be2 Nc6 10. Qd5 Bg6 11. O-O-O Qd7 12. Bb5 a6 13. Ne5 axb5 14. Nxd7 Kxd7 15. a3 {½-½ (32) Kujala,A (2253)-Hentunen,A (2313) Finland 2016}) 9. Bd3 Bxd3 {White has an edge.} 10. Qxd3 Qd7 11. O-O-O Nc6 12. Rhe1 O-O-O 13. Nd4 Bf6 14. Nxc6 Qxc6 15. g4 ({Much weaker is} 15. Bxa7 b6 $17) 15... h6 16. Qf5+ ({Much worse is} 16. Bxa7 b6 $15) 16... Kb8 17. Bd4 Bxd4 18. Rxd4 Qd7 19. Qd5 c6 20. Qf3 Rhe8 21. Rde4 d5 22. Qf4+ Kc8 23. Re5 f6 24. R5e3 Rxe3 25. Qxe3 $11 {[%mdl 4096] Endgame KQR-KQR} b6 26. Qe2 Kb7 27. f4 Qd6 28. Qe3 Kc7 29. f5 d4 {[#]} (29... Rd7 $11 {remains equal.}) 30. Qe7+ $1 $16 Rd7 31. Qxd6+ Kxd6 32. cxd4 {KR-KR} Rd8 33. c4 h5 34. Re4 Rh8 35. Kd2 (35. b3 $16) 35... hxg4 $11 36. hxg4 Rh2+ 37. Kc3 Rh3+ 38. Kb4 Rh2 39. Ka3 Kd7 ({Black should play} 39... Rg2 $11) 40. b3 (40. Kb3 $1 $14) 40... Rd2 41. b4 Rd3+ 42. Kb2 Rg3 43. c5 b5 44. Kc2 Rg2+ 45. Kb3 Rg3+ 46. Kc2 Rg2+ 47. Kd3 Rxa2 48. g5 Rf2 49. gxf6 gxf6 50. Rh4 Rxf5 51. Rh7+ Ke6 $2 {[#]} (51... Kd8 $11) 52. Rc7 $1 $18 {[%mdl 1024] White has strong compensation.} Rf3+ $2 {[%mdl 8192]} (52... Rf1 $16) 53. Ke4 f5+ 54. Kxf3 {Precision: White = 52%, Black = 50%.} 1-0